South Eastern Kenya University

Library Online Public Access Catalogue


Agriculture, biodiversity and markets : (Record no. 1361)

MARC details
000 -LEADER
fixed length control field 00509cam a22001454a 4500
020 ## - INTERNATIONAL STANDARD BOOK NUMBER
International Standard Book Number 9781844077762 (hardback)
020 ## - INTERNATIONAL STANDARD BOOK NUMBER
International Standard Book Number 1844077764 (hardback)
050 00 - LIBRARY OF CONGRESS CALL NUMBER
Classification number S494.5.A43
Item number A46 2010
245 00 - TITLE STATEMENT
Title Agriculture, biodiversity and markets :
Remainder of title livelihoods and agroecology in comparative perspective /
Statement of responsibility, etc. edited by Stewart Lockie and David Carpenter.
260 ## - PUBLICATION, DISTRIBUTION, ETC. (IMPRINT)
Place of publication, distribution, etc. London ;
-- Washington, DC :
Name of publisher, distributor, etc. Earthscan,
Date of publication, distribution, etc. 2010.
300 ## - PHYSICAL DESCRIPTION
Extent xvi, 318 p. :
700 1# - ADDED ENTRY--PERSONAL NAME
Personal name Lockie, Stewart.
700 1# - ADDED ENTRY--PERSONAL NAME
Personal name Carpenter, David.
942 ## - ADDED ENTRY ELEMENTS (KOHA)
Koha item type General circulation
Holdings
Withdrawn status Lost status Source of classification or shelving scheme Damaged status Not for loan Home library Current library Date acquired Cost, normal purchase price Total Checkouts Full call number Barcode Date last seen Copy number Cost, replacement price Price effective from Koha item type Public note Shelving location Total Renewals Date last checked out
    Library of Congress Classification     Kitui Town Campus Library Kitui Town Campus Library 19/05/2015 3758.40 7 S 494.5.A43 A3 2026/029460 20/06/2018   4258.00   General circulation   General Stacks 1 08/06/2018
    Library of Congress Classification     Main Campus Library Main Campus Library 21/08/2014 3758.40   S494.5.A43 A3 2019/023374 21/08/2014 C1 4258.00 21/08/2014 General circulation leo      
    Library of Congress Classification     Main Campus Library Main Campus Library 21/08/2014 3758.40   S494.5.A43 A3 2019/023373 21/08/2014 C2 4258.00   General circulation leo      
Kitui, Kenya.
+254736116989
library@seku.ac.ke